[Event "WYCC 2018 O16"]
[Site "Halkidiki"]
[Date "2018.10.26"]
[Round "7"]
[White "Kotau, Arseni"]
[Black "Gatineau, Yovann"]
[Result "0-1"]
[WhiteElo "2167"]
[BlackElo "2376"]
[Annotator "NA"]
[PlyCount "104"]
[EventDate "2018.10.20"]
[EventType "swiss"]
[EventCountry "GRE"]
[SourceTitle "playchess.com"]
[Source "ChessBase"]
[SourceQuality "1"]
[TimeControl "40/5400+30:1800+30"]

1. d4 {[%emt 0:00:00]} Nf6 {[%emt 0:02:49]} 2. c4 {[%emt 0:00:07]} g6 {[%emt 0:00:14]} 3. Nc3 {[%emt 0:00:33]} d5 {[%emt 0:01:08]} 4. cxd5 {[%emt 0:00:06]} Nxd5 {[%emt 0:00:05]} 5. Bd2 {[%emt 0:00:21]} Nb6 {[%emt 0:01:03]} 6. e3 {[%emt 0:00:15]} Bg7 {[%emt 0:00:17]} 7. f4 {[%emt 0:00:32]} O-O {[%emt 0:00:48]} 8. Nf3 {[%emt 0:00:04]} Be6 {[%emt 0:00:03]} 9. Rc1 {[%emt 0:13:50]} c5 {[%emt 0:12:30]} 10. dxc5 {[%emt 0:12:37]} N6d7 {[%emt 0:00:12]} 11. Na4 {[%emt 0:00:33]} Nc6 {[%emt 0:03:18]} 12. b3 {[%emt 0:10:51]} Bg4 {[%emt 0:03:44]} 13. Be2 {[%emt 0:15:21]} e5 {[%emt 0:01:18]} 14. O-O {[%emt 0:00:10]} Re8 {[%emt 0:03:24]} 15. Kh1 {[%emt 0:07:37]} Qe7 {[%emt 0:01:11]} 16. Nxe5 {[%emt 0:02:16]} Ndxe5 {[%emt 0:02:29]} 17. Bxg4 {[%emt 0:00:44]} Nd3 {[%emt 0:00:26]} 18. Rc4 {[%emt 0:00:58]} Rad8 {[%emt 0:00:38]} 19. Bf3 {[%emt 0:02:35]} Qd7 {[%emt 0:02:32]} 20. Qc2 {[%emt 0:08:38]} Nxf4 {[%emt 0:09:49]} 21. Rxf4 {[%emt 0:04:02]} Qxd2 {[%emt 0:00:05]} 22. Qxd2 {[%emt 0:00:05]} Rxd2 {[%emt 0:00:05]} 23. Bxc6 {[%emt 0:07:21]} bxc6 {[%emt 0:00:08]} 24. Rxf7 {[%emt 0:00:04]} Rf8 {[%emt 0:00:05]} 25. Rxf8+ {[%emt 0:00:13]} Bxf8 {[%emt 0:00:04]} 26. g3 {[%emt 0:01:25]} Kg7 {[%emt 0:02:07]} 27. Rf4 {[%emt 0:02:10]} Rxa2 {[%emt 0:01:38]} 28. Rb4 {[%emt 0:00:35]} h5 {[%emt 0:05:51]} 29. Rb7+ {[%emt 0:00:42]} Kf6 {[%emt 0:00:47]} 30. Rc7 {[%emt 0:01:37]} Bh6 {[%emt 0:02:42]} 31. Rxc6+ {[%emt 0:01:56]} Kf5 {[%emt 0:00:05]} 32. Nc3 {[%emt 0:03:44]} Rb2 {[%emt 0:05:49]} 33. Nd5 {[%emt 0:01:12]} Bg7 {[%emt 0:13:08]} 34. Rc7 {[%emt 0:03:06]} Be5 {[%emt 0:00:14]} 35. Ne7+ {[%emt 0:00:35]} Kg4 {[%emt 0:00:55]} 36. Rd7 {[%emt 0:00:06]} Kh3 {[%emt 0:02:57]} 37. Kg1 {[%emt 0:00:29]} Rg2+ {[%emt 0:05:36]} 38. Kf1 {[%emt 0:00:15]} Kxh2 {[%emt 0:00:04]} 39. c6 {[%emt 0:01:06]} Bxg3 {[%emt 0:00:37]} 40. c7 {[%emt 0:00:37]} Rf2+ {[%emt 0:00:00]} 41. Ke1 {[%emt 0:00:03]} Rc2+ {[%emt 0:00:30]} 42. Kf1 {[%emt 0:04:52]} Rf2+ {[%emt 0:02:32]} 43. Ke1 {[%emt 0:00:06]} Rc2+ {[%emt 0:00:03]} 44. Kf1 {[%emt 0:00:07]} Bxc7 {[%emt 0:00:06]} 45. Nxg6 {[%emt 0:00:16]} Bg3 {[%emt 0:02:33]} 46. Rf7 {[%emt 0:01:22]} h4 {[%emt 0:00:12]} 47. e4 {[%emt 0:01:59]} h3 {[%emt 0:01:33]} 48. e5 {[%emt 0:00:13]} Rc1+ {[%emt 0:00:04]} 49. Ke2 {[%emt 0:00:03]} Kg2 {[%emt 0:00:06]} 50. Rg7 {[%emt 0:00:36]} Re1+ {[%emt 0:00:49]} 51. Kd2 {[%emt 0:00:03]} h2 {[%emt 0:00:33]} 52. Nh4+ {[%emt 0:00:55]} Kh3 {[%emt 0:00:18]} 0-1

[Event "WYCC 2018 O16"]
[Site "Halkidiki"]
[Date "2018.10.26"]
[Round "7"]
[White "French, Max"]
[Black "Kozak, Adam"]
[Result "0-1"]
[WhiteElo "2074"]
[BlackElo "2445"]
[Annotator "TA"]
[PlyCount "122"]
[EventDate "2018.10.20"]
[EventType "swiss"]
[EventCountry "GRE"]
[SourceTitle "playchess.com"]
[Source "ChessBase"]
[SourceQuality "1"]

{[%evp 18,122,0,1,0,0,22,0,0,0,0,0,22,20,15,14,29,14,33,29,41,12,8,11,14,6,10,0,0,0,0,-18,-9,-37,-38,-57,-57,-57,-54,-77,-57,-64,-60,-61,-21,-41,0,0,0,0,0,-16,-20,-32,0,0,0,-79,-76,-97,0,0,0,-80,-74,-104,-18,-50,-72,-75,-70,-159,-151,-171,-156,-158,-147,-271,-267,-259,-255,-254,-239,-277,-243,-502,-489,-463,-466,-825,-813,-789,-771,-1060,-1058,-1739,-1737,-1704,-1578,-1329,-1272,-1826,-1834,-29958,-11984,-5314,-5181]} 1. d4 Nf6 2. c4 e6 3. Nf3 b6 4. a3 Ba6 5. Qb3 Be7 6. Nc3 {E12: Damenindisch (Petrosjan-System und 4. oder 5.Lg5)} d5 7. cxd5 Nxd5 8. e4 Bxf1 9. Kxf1 Nxc3 10. Qxc3 {LiveBook: 3 Partien} O-O 11. Bf4 Bd6 $146 ({Vorgänger:} 11... c5 12. dxc5 bxc5 13. g3 Bf6 14. Be5 {½-½ (14) Dreev,A (2679)-Adams,M (2708) Las Vegas 1999}) 12. Bxd6 cxd6 13. Rc1 Nd7 14. Ke2 Qf6 15. Rhe1 Qg6 16. Kf1 Nf6 17. Nd2 Rad8 18. Kg1 Qg5 19. Qe3 Qb5 20. Qb3 Qa6 21. f3 Rc8 22. Qe3 b5 {[%cal Bb6b5,Bb5c4][%mdl 32]} 23. Nb1 Qb6 24. Rc3 Rc4 25. Rxc4 bxc4 26. Re2 d5 27. e5 Nd7 28. f4 Nb8 29. Nc3 {[%cal Bb1c3,Bc3a4,Ba4c5][%mdl 32]} Nc6 30. Rd2 Ne7 31. g4 f6 32. Na4 Qc6 33. Nc5 {und nun wäre exf6 stark für Weiss.} f5 34. g5 Rb8 35. Qc3 Rb5 36. a4 Rb6 37. Qa5 (37. b4 $11 {hält das Gleichgewicht.}) 37... Qa8 $1 $17 38. Qc3 Qc6 ({Besser ist} 38... Qe8 $17) 39. Qa5 $11 Qa8 ({Lieber} 39... Ng6 $11) 40. Qc3 $17 Qc8 41. Kg2 Ng6 (41... Nc6 $1 $17) 42. Kg3 Nf8 43. a5 Rb5 44. Kg2 (44. b4 $15) 44... Nd7 $36 {[%mdl 2048] Schwarz ist am Drücker.} 45. Nxe6 Rb3 $1 {[%cal Rb3c3]} 46. Qc2 g6 $1 47. Qd1 {[#]} (47. Rf2 $17 {kämpft weiter.}) 47... Kf7 $1 $19 {[%cal Rf7e6]} 48. Nc5 Nxc5 49. dxc5 {[%mdl 4096] Endspiel KDT-KDT} Qc6 ({Keinesfalls} 49... Qxc5 50. Qg1 $17) 50. e6+ Ke7 ({Und nicht} 50... Kxe6 51. Re2+ Kf7 52. Qd4 $14) 51. Kf1 $2 {[#]} (51. Qe1 Qxe6 52. Kf2 Qxe1+ 53. Kxe1) 51... d4 $1 {[%cal Bd5d4,Bd4d3][%mdl 32]} 52. Kg1 {Wenn Weiss jetzt Zeit für De1 hätte...} Qxc5 53. Kg2 (53. Rf2 $142) 53... Qd5+ 54. Kg1 d3 55. Qe1 Qd4+ 56. Qf2 Qxf2+ 57. Kxf2 Kxe6 58. Ke3 Kd5 59. h4 Rb7 60. Rh2 Re7+ 61. Kd2 {[#]} Re2+ $1 {[%mdl 512] Precision: Weiß = 35%, Schwarz = 72%.} 0-1

[Event "WYCC 2018 O16"]
[Site "Halkidiki"]
[Date "2018.10.26"]
[Round "7"]
[White "Rodriguez Izquierdo, Luis"]
[Black "Katopodis, Dimitrios"]
[Result "0-1"]
[WhiteElo "2038"]
[BlackElo "2310"]
[Annotator "NA"]
[PlyCount "126"]
[EventDate "2018.10.20"]
[EventType "swiss"]
[EventCountry "GRE"]
[SourceTitle "playchess.com"]
[Source "ChessBase"]
[SourceQuality "1"]
[TimeControl "40/5400+30:1800+30"]

1. e4 {[%emt 0:00:00]} d6 {[%emt 0:00:00]} 2. d4 {[%emt 0:00:09]} Nf6 {[%emt 0:00:00]} 3. Nc3 {[%emt 0:00:22]} Nbd7 {[%emt 0:00:17]} 4. Nf3 {[%emt 0:00:49]} e5 {[%emt 0:00:17]} 5. Bc4 {[%emt 0:01:18]} Be7 {[%emt 0:00:10]} 6. a4 {[%emt 0:01:01]} O-O {[%emt 0:01:47]} 7. O-O {[%emt 0:00:53]} c6 {[%emt 0:01:08]} 8. h3 {[%emt 0:01:14]} Qc7 {[%emt 0:01:33]} 9. Re1 $14 {[%emt 0:02:07] LiveBook: 220 Games} exd4 {[%emt 0:01:59]} 10. Nxd4 {[%emt 0:01:37]} Ne5 {[%emt 0:00:10]} 11. Bf1 {[%emt 0:02:59]} Re8 {[%emt 0:01:58]} 12. f4 {[%emt 0:07:30]} Ng6 {[%emt 0:00:40]} 13. Qf3 {[%emt 0:06:30]} Bf8 {[%emt 0:03:05]} 14. Be3 {[%emt 0:00:46]} Bd7 {[%emt 0:06:27]} 15. Bf2 {[%emt 0:01:34]} a6 {[%emt 0:03:32]} 16. g4 {[%emt 0:03:14]} h6 {[%emt 0:04:17]} 17. Nf5 {[%emt 0:07:44]} b5 {[%emt 0:12:53]} 18. Bd4 {[%emt 0:06:18]} Nh7 {[%emt 0:08:19]} 19. b3 {[%emt 0:13:33]} d5 {[%emt 0:12:08]} 20. e5 {[%emt 0:04:31]} b4 {[%emt 0:03:06]} 21. Ne2 {[%emt 0:01:17]} c5 {[%emt 0:02:15]} 22. Bb2 {[%emt 0:01:35]} Bc6 {[%emt 0:03:51]} 23. Bg2 {[%emt 0:01:40]} Rad8 {[%emt 0:05:41]} 24. Rad1 {[%emt 0:00:22]} Ba8 {[%emt 0:01:03]} 25. Qf2 {[%emt 0:01:47]} d4 {[%emt 0:01:07]} 26. Bxa8 {[%emt 0:03:17]} Rxa8 {[%emt 0:00:10]} 27. Bc1 {[%emt 0:07:02]} f6 {[%emt 0:00:35]} 28. exf6 {[%emt 0:04:33]} Nxf6 {[%emt 0:00:15]} 29. Neg3 {[%emt 0:00:03]} Nd5 {[%emt 0:10:41]} 30. Nh5 {[%emt 0:00:25]} Nc3 {[%emt 0:06:10]} 31. Rxe8 {[%emt 0:00:41]} Rxe8 {[%emt 0:00:27]} 32. Re1 {[%emt 0:00:06]} Qc6 {[%emt 0:01:36]} 33. Nxh6+ {[%emt 0:03:25]} Kh7 {[%emt 0:00:49]} 34. Nf7 {[%emt 0:00:14]} Kg8 {[%emt 0:03:18]} 35. Ne5 {[%emt 0:01:48]} Nxe5 {[%emt 0:00:18]} 36. fxe5 {[%emt 0:00:05]} Be7 {[%emt 0:01:41]} 37. Qg2 {[%emt 0:05:02]} Qxg2+ {[%emt 0:01:05]} 38. Kxg2 {[%emt 0:00:06]} Bh4 {[%emt 0:00:50]} 39. Ng3 {[%emt 0:00:38]} Bxg3 {[%emt 0:01:25]} 40. Kxg3 {[%emt 0:00:00]} Kf7 {[%emt 0:00:00]} 41. h4 {[%emt 0:05:03]} Ke6 {[%emt 0:01:49]} 42. h5 {[%emt 0:06:02]} Kd5 {[%emt 0:05:00]} 43. Bf4 {[%emt 0:02:48]} c4 {[%emt 0:05:49]} 44. bxc4+ {[%emt 0:05:21]} Kxc4 {[%emt 0:00:15]} 45. e6 {[%emt 0:02:21]} d3 {[%emt 0:01:13]} 46. cxd3+ {[%emt 0:00:00]} Kxd3 {[%emt 0:00:18]} 47. Be5 {[%emt 0:06:21]} Rxe6 {[%emt 0:02:13]} 48. Bxc3 {[%emt 0:00:04]} Rxe1 {[%emt 0:00:09]} 49. Bxb4 {[%emt 0:00:03]} Rf1 {[%emt 0:05:00]} 50. Ba3 {[%emt 0:01:34]} Ke4 {[%emt 0:02:54]} 51. Bb2 {[%emt 0:00:07]} Rg1+ {[%emt 0:01:59]} 52. Kh4 {[%emt 0:04:34]} Kf4 {[%emt 0:00:49]} 53. Kh3 {[%emt 0:00:09]} Rg3+ {[%emt 0:00:26]} 54. Kh4 {[%emt 0:00:42]} Rxg4+ {[%emt 0:00:18]} 55. Kh3 {[%emt 0:00:03]} Kg5 {[%emt 0:01:37]} 56. Bxg7 {[%emt 0:00:14]} Kxh5 {[%emt 0:00:16]} 57. Be5 {[%emt 0:00:18]} Rxa4 {[%emt 0:00:10]} 58. Kg3 {[%emt 0:00:07]} Kg5 {[%emt 0:02:00]} 59. Kf3 {[%emt 0:00:06]} Kf5 {[%emt 0:00:07]} 60. Bg7 {[%emt 0:00:25]} Ra3+ {[%emt 0:01:33]} 61. Ke2 {[%emt 0:00:10]} a5 {[%emt 0:01:09]} 62. Kd2 {[%emt 0:00:03]} Rb3 {[%emt 0:00:15]} 63. Kc2 {[%emt 0:00:08]} a4 {[%emt 0:00:05]} 0-1

[Event "WYCC 2018 O16"]
[Site "Halkidiki"]
[Date "2018.10.27"]
[Round "8"]
[White "Esipenko, Andrey"]
[Black "Matviishen, Viktor"]
[Result "1/2-1/2"]
[WhiteElo "2609"]
[BlackElo "2476"]
[Annotator "TA"]
[PlyCount "136"]
[EventDate "2018.10.20"]
[EventType "swiss"]
[EventCountry "GRE"]
[SourceTitle "playchess.com"]
[Source "ChessBase"]
[SourceQuality "1"]

{[%evp 18,136,34,13,10,14,30,30,82,-14,7,-60,-81,-79,-80,-69,-77,-72,-60,-117,-43,-33,-39,-42,25,30,50,0,0,0,41,37,39,38,45,29,47,10,10,0,81,74,75,77,75,75,79,68,68,68,75,75,79,71,71,68,71,71,75,75,75,75,101,101,101,101,101,101,101,101,101,101,127,127,165,165,203,101,101,101,101,101,101,101,101,101,101,101,101,101,101,28,101,101,101,0,108,0,110,110,118,0,117,0,125,125,119,30,30,30,30,30,30,30,30,30,30,30,30,30,30]} 1. d4 d5 2. c4 dxc4 3. e4 b5 4. a4 c6 5. axb5 cxb5 6. Nc3 {D20: Queen's Gambit Accepted: 3 e3 and 3 e4} a6 7. Nxb5 axb5 8. Rxa8 Bb7 9. Ra1 e6 10. Nf3 {LiveBook: 13 Games. White wants to play Be2.} Nf6 11. Be2 Nxe4 (11... Bb4+ 12. Bd2 Bxd2+ 13. Qxd2 Nxe4 {0-1 (36) Korobov,A (2652)-Andreikin,D (2712) Huaian 2017}) 12. O-O Nc6 (12... Qb6 $11 {remains equal.}) 13. Be3 $146 (13. b3 $1 $16) 13... Qd5 14. Qb1 (14. Ne5 $11) 14... Bb4 $15 15. Rc1 O-O 16. b3 cxb3 {White must now prevent ...Nc3.} 17. Qb2 Na5 18. Ne5 ({White should play} 18. Bd1 $15) 18... Nd2 (18... f6 $17 19. Nf3 Nd6) 19. f3 $1 Ndc4 20. Nxc4 $1 Nxc4 ({Black should try} 20... bxc4 $15 21. Rxa5 Bxa5 22. Bxc4 Qd6) 21. Qxb3 $11 Nxe3 22. Qxe3 {aiming for Rcb1.} (22. Qxb4 {keeps more tension.} Qg5 23. Bf1 Bxf3 24. Qd2 h6 25. Ra3) 22... Be7 $1 23. Qe5 Bf6 24. Qxd5 Bxd5 25. Rab1 Bxd4+ 26. Kf1 g6 27. Bxb5 Be5 28. h3 Rb8 (28... Ba2 $11 {keeps the balance.}) 29. Ba6 $16 Rd8 30. Rc8 Rxc8 31. Bxc8 {[%mdl 4096] Endgame KRB-KB} Kg7 32. Ba6 Kf6 33. Ke2 Kg5 34. Rb4 Bd6 35. Rg4+ Kf6 36. Bd3 Bc6 37. Rc4 Bd5 38. Ra4 Bc5 39. Bc4 {And now Bxd5 would win.} Bxc4+ 40. Rxc4 {KR-KB} Bd6 41. Ra4 h5 42. Ra7 Bg3 43. Kd3 g5 44. Kc4 Kg6 45. Kb5 h4 46. Kc6 $1 Bf2 47. Rb7 (47. Ra5 $18 {is more deadly.}) 47... f6 48. Rb2 Bd4 {[#]} 49. Re2 $1 Kf5 50. Kd7 e5 {[#]} 51. Re4 $1 Bc3 52. Ke7 Bd4 53. Kf7 Bc3 54. Re2 (54. Re3 $16 Bd4 55. Rb3) 54... Bd4 (54... Kf4 $1 $11) 55. Rd2 Bc3 56. Re2 (56. Rc2 {is interesting.} Bd4 57. Rc4 Bb2 58. Rc5 Bd4 59. Ra5) 56... Bd4 57. Re4 Bc3 $1 58. Kg7 Bd4 59. Kf7 Bc3 $1 60. Ke7 Bd4 61. Kd6 Bc3 62. Kd5 (62. Rc4 $16 Bb2 63. Ke7) 62... Bd4 $1 $11 {White has an edge.} 63. Kc4 Ke6 64. Kd3 Kf5 65. Ke2 Bg1 66. Ra4 Bd4 67. Ra6 Bg1 68. Kd3 Bf2 {Precision: White = 60%, Black = 61%.} 1/2-1/2

[Event "WYCC 2018 O16"]
[Site "Halkidiki"]
[Date "2018.10.27"]
[Round "8"]
[White "Gavrilescu, David"]
[Black "Juksta, Karolis"]
[Result "1-0"]
[WhiteElo "2481"]
[BlackElo "2234"]
[Annotator "TA"]
[PlyCount "137"]
[EventDate "2018.10.20"]
[EventType "swiss"]
[EventCountry "GRE"]
[SourceTitle "playchess.com"]
[Source "ChessBase"]
[SourceQuality "1"]

{[%evp 20,136,20,20,14,12,29,20,29,31,25,27,29,29,26,25,37,28,25,0,36,32,37,0,18,0,0,0,0,0,21,12,23,15,19,16,36,21,29,26,29,21,24,22,20,9,8,0,0,0,18,9,7,12,21,0,0,0,0,0,0,0,95,83,88,95,90,77,93,87,114,114,114,114,114,112,114,99,120,114,118,113,107,100,127,36,91,0,0,0,0,0,0,0,0,0,0,0,0,0,0,0,0,0,0,0,0,0,0,0,0,0,0,0,0,0,0,0,29999]} 1. e4 e6 2. d4 d5 3. Nd2 c5 4. exd5 exd5 5. Ngf3 Nf6 6. Bb5+ Bd7 7. Bxd7+ Nbxd7 {[%cal Bb8d7,Bd7c5,Bc5e4][%mdl 32]} 8. O-O Be7 9. dxc5 Nxc5 10. Nb3 Nce4 11. Nfd4 Nd6 {C08: French Tarrasch: 3...c5 4 exd5 exd5 sidelines} (11... Qd7 12. Qf3 O-O 13. Nf5 Bd8 14. Be3 a5 15. Nc5 Qc6 16. Nxe4 dxe4 17. Qg3 g6 18. Rad1 Re8 19. Rd6 Qc8 20. Nh6+ Kg7 21. Bd4 Ra6 22. Rxa6 bxa6 {1-0 (56) Harikrishna,P (2737)-Pelletier,Y (2529) Biel 2017}) 12. Re1 O-O $1 13. c3 Re8 {The position is equal.} 14. Bg5 h6 15. Bh4 Nfe4 16. Bxe7 Rxe7 17. Qc2 Qc7 {[#]} 18. Nc1 $146 ({Predecessor:} 18. Re2 Rae8 19. Rae1 {½-½ (31) Matyukhin,S (2503)-Muzyka,N (2335) ICCF email 2014}) 18... Nc5 {[%cal Re7e1]} 19. Ncb3 Nce4 20. Rad1 Rae8 21. g3 (21. Re2 {is more complex.} Nc4 22. Nf5 Re5 23. Nbd4 Qd7 24. h3) 21... Qd7 22. Nc1 Nf5 23. Re2 Nxd4 24. Rxd4 Nf6 25. Kg2 Qb5 {[%cal Re7e2]} 26. Rxe7 Rxe7 27. a4 Qb6 28. Ne2 Re4 29. Rd2 Qa6 30. b3 Re5 31. Nd4 Re1 {( -> ...Qf1+)} 32. Nb5 Qb6 33. Re2 (33. Qf5 {keeps more tension.} Qc5 34. Rc2 Qe7 35. Qd3 Ra1 36. Re2) 33... Rxe2 34. Qxe2 Qc6 (34... a6 $5 35. Nd4 $8 Qc7 $11) 35. Qf3 a6 36. Nd4 Qc5 37. h4 Ne4 38. Ne2 Nd2 39. Qf4 Ne4 40. c4 Nf6 (40... b6 $11 {remains equal.}) 41. Qb8+ $16 Kh7 42. Qxb7 dxc4 43. Qxf7 Qc6+ 44. f3 cxb3 45. Qxb3 Nd5 46. h5 Qe6 47. Qd3+ Kh8 48. Qe4 (48. Kf2 {feels hotter.} a5 49. Qd4 Kh7 50. g4 Kg8 51. Nc1) 48... Qf7 49. Qe5 Nf6 50. g4 Qa2 {[#]} 51. a5 $1 Nd5 52. Kg3 (52. Kf1 $16) 52... Qd2 $1 $14 53. Kf2 ({White should play} 53. Qe8+ $16 Kh7 54. Qe4+ Kh8 55. Qe5 (55. Qe8+ Kh7 $14)) 53... Qxa5 $11 54. g5 hxg5 55. h6 {[%csl Gh6][%cal Re5g7]} Qb6+ 56. Nd4 {[%csl Gh6][%cal Re5g7]} Nf6 57. Kg2 g4 58. hxg7+ Kxg7 59. fxg4 Qb7+ 60. Kg3 {Black must now prevent Ne6+.} Qe4 61. Ne6+ Kg6 62. Nf4+ Kf7 63. Qc7+ Kf8 64. Qc5+ Kg8 65. g5 Nh7 66. Qc8+ Nf8 67. Qc3 Ne6 68. Nh5 {Intending Nf6+ and mate.} Nxg5 $2 {[%mdl 8192] [#]} (68... Qd4 $11 69. Qxd4 Nxd4) 69. Qg7# {Precision: White = 56%, Black = 80%.} 1-0

[Event "WYCC 2018 O16"]
[Site "Halkidiki"]
[Date "2018.10.27"]
[Round "8"]
[White "Sargsyan, Shant"]
[Black "Davtyan, Artur"]
[Result "1/2-1/2"]
[WhiteElo "2463"]
[BlackElo "2374"]
[Annotator "TA"]
[PlyCount "124"]
[EventDate "2018.10.20"]
[EventType "swiss"]
[EventCountry "GRE"]
[SourceTitle "playchess.com"]
[Source "ChessBase"]
[SourceQuality "1"]

{[%evp 26,124,11,3,25,9,12,7,7,8,30,0,14,4,16,3,20,19,20,1,6,0,0,0,15,24,23,18,19,10,34,0,0,0,10,0,12,10,10,10,10,8,8,0,18,0,13,0,18,0,26,0,19,0,5,5,5,5,8,5,9,0,25,5,25,25,31,25,25,25,25,25,25,25,25,25,31,31,40,40,41,41,49,49,49,49,49,49,49,49,49,49,51,49,60,49,49,48,48,48,48]} 1. d4 d5 2. c4 e6 3. Nc3 Be7 4. Nf3 Nf6 5. g3 dxc4 6. Bg2 O-O 7. Ne5 Nc6 8. Bxc6 bxc6 9. Nxc6 Qe8 10. Nxe7+ Qxe7 11. Qa4 c5 12. dxc5 {E06: Closed Catalan: Early deviations} Qxc5 13. Be3 Qc7 14. f3 {LiveBook: 7 Games. The position is equal.} (14. O-O-O Ng4 15. Rd2 Nxe3 16. fxe3 Rb8 17. Rhd1 a5 18. Kb1 h6 19. Ka1 Rb4 {1-0 (49) Caruana,F (2822)-Nakamura,H (2777) Saint Louis 2018}) 14... Bb7 15. Rd1 Nd5 16. Bd4 Rfd8 17. O-O {[#]} f6 $146 ({Predecessor:} 17... e5 18. Nxd5 Bxd5 19. Be3 Be6 {½-½ (19) Gupta,A (2619)-Ganguly,S (2631) Al Ain 2015}) 18. Qa3 Nxc3 19. Qxc3 (19. bxc3 {is interesting.} Bd5 20. Rd2 Bc6 21. Rfd1 Rd5 22. Bf2) 19... Rd5 20. Bf2 (20. e4 {feels hotter.} Rdd8 21. Be3 a5 22. Rc1 f5 23. exf5 exf5 24. Bf4) 20... Qd7 21. Rd4 Rxd4 22. Bxd4 a5 23. Qe3 a4 24. a3 Ra5 25. Bc3 Rd5 26. Kf2 Kf7 27. h4 Qc7 28. Rh1 h5 29. Rc1 Qd7 30. Rg1 Qd6 31. Qa7 Qa6 32. Qxa6 Bxa6 $11 {[%mdl 4096] Endgame KRB-KRB} 33. g4 hxg4 34. fxg4 Bb7 35. Ke3 Bc6 36. Rf1 Ke7 37. Rg1 Kf7 38. Rf1 Ke7 39. Kf4 Bd7 40. Kg3 e5 41. h5 Be8 42. Rh1 Kf7 43. Kh4 Kg8 44. Rg1 Kh7 45. g5 e4 46. Rg4 (46. gxf6 {keeps more tension.} gxf6 47. Bxf6 Bxh5 48. e3 Be2 49. Rg7+) 46... Rxg5 47. Rxg5 fxg5+ 48. Kxg5 {KB-KB} Bf7 49. e3 Be8 50. Bb4 Bf7 51. Bf8 {White is slightly better.} Be8 52. h6 gxh6+ 53. Bxh6 Bc6 54. Bf8 Kg8 55. Bb4 Kf7 56. Kf5 Bb7 57. Ke5 Ke8 58. Kd6 Kd8 59. Kc5 Kd7 60. Kxc4 Ba6+ 61. Kc5 Kc8 62. Bc3 {[#] Threatens to win with Kb4.} Bd3 {Precision: White = 44%, Black = 43%.} 1/2-1/2

[Event "WYCC 2018 O16"]
[Site "Halkidiki"]
[Date "2018.10.27"]
[Round "8"]
[White "Kozak, Adam"]
[Black "Talukdar, Rohan"]
[Result "1/2-1/2"]
[WhiteElo "2445"]
[BlackElo "2279"]
[Annotator "TA"]
[PlyCount "31"]
[EventDate "2018.10.20"]
[EventType "swiss"]
[EventCountry "GRE"]
[SourceTitle "playchess.com"]
[Source "ChessBase"]
[SourceQuality "1"]

{[%evp 25,31,12,24,-8,0,-4,-11,-38]} 1. d4 Nf6 2. c4 g6 3. Nc3 d5 4. cxd5 Nxd5 5. e4 Nxc3 6. bxc3 Bg7 7. Be3 c5 8. Nf3 Qa5 9. Qd2 Nc6 10. Rc1 Bg4 11. d5 Rd8 12. Be2 O-O 13. O-O {D85: Exchange Grünfeld: Unusual White 7th moves and lines with 7 Nf3} e6 {[#] LiveBook: 8 Games} 14. Bf4 $146 ({Predecessor:} 14. Rfd1 exd5 15. exd5 Ne7 16. d6 Nf5 17. Bf4 Rd7 18. h3 Bxf3 19. Bxf3 c4 20. Qd5 Qxa2 {1-0 (28) Mchedlishvili,M (2633)-Artemiev,V (2560) Baku 2013}) 14... exd5 15. exd5 c4 16. d6 1/2-1/2

[Event "WYCC 2018 O16"]
[Site "Halkidiki"]
[Date "2018.10.27"]
[Round "8"]
[White "Engel, Luis"]
[Black "Golikov, Daniil"]
[Result "1/2-1/2"]
[WhiteElo "2441"]
[BlackElo "2319"]
[Annotator "TA"]
[PlyCount "120"]
[EventDate "2018.10.20"]
[EventType "swiss"]
[EventCountry "GRE"]
[SourceTitle "playchess.com"]
[Source "ChessBase"]
[SourceQuality "1"]

{[%evp 38,120,16,24,44,29,64,38,215,185,314,314,202,50,36,37,50,101,51,53,536,510,522,512,537,527,504,478,432,367,543,517,492,497,469,464,450,378,379,387,381,372,372,339,417,383,366,251,241,117,109,134,192,89,150,19,228,44,80,0,0,0,0,0,77,12,19,0,0,0,0,0,0,0,0,0,98,0,0,0,0,0,0,0,0]} 1. e4 e6 2. d4 d5 3. Nd2 c5 4. exd5 Qxd5 5. Ngf3 {[%cal Bg1f3,Bf3d4,Bd4f5][%mdl 32]} cxd4 6. Bc4 Qd6 7. O-O Nf6 8. Nb3 Nc6 9. Nbxd4 Nxd4 10. Nxd4 a6 11. Re1 Qc7 12. Bb3 Bd6 13. Nf5 Bxh2+ 14. Kh1 O-O 15. Nxg7 Rd8 16. Qf3 Kxg7 17. Bh6+ Kg6 18. c3 Nh5 19. Bc1 {C07: French Tarrasch: 3...c5, 4 Ngf3 and 4 exd5 Qxd5} (19. Be3 f5 20. Rad1 Rxd1 21. Bxd1 Nf6 22. g3 Bd7 23. Kxh2 Bc6 24. Qe2 Re8 25. Qc4 Ne4 26. Bf3 b5 {½-½ (42) Pichot,A (2552)-Le,Q (2737) Caleta 2018}) 19... Bf4 20. g4 $1 {[%cal Rg4h5] LiveBook: 45 Games} Bxc1 21. gxh5+ {White is slightly better.} Kg7 22. Raxc1 Qc6 $146 (22... b5 $14 23. Rg1+ Kf8) ({Predecessor:} 22... b6 23. h6+ Kf8 24. Bc2 Bb7 25. Be4 Rd5 26. c4 Rf5 {0-1 (45) Srbis,J (2415)-Vasic,B (2090) Pula 2016}) 23. Re4 $1 $18 f5 (23... Kf8 $142 24. Rce1 Ke7) 24. Rg1+ Kf6 25. Qg3 $2 (25. Rge1 $18 {Strongly threatening Qf4.} Qe8 26. Bxe6 Bxe6 27. Rxe6+ Qxe6 28. Rxe6+ Kxe6 29. Qxb7) 25... Qxe4+ $14 26. f3 {[%csl Gg1][%cal Rg3g7] [#]} Rg8 $1 {[%cal Rg8g3][%mdl 512]} 27. Qxg8 $40 {[%csl Gg1][%cal Rg8g7][%mdl 128] White is out for blood.} Qxf3+ 28. Rg2 {[%csl Gg2][%cal Rg8g7]} Qf1+ $2 {[%mdl 8192]} (28... Ke7 $1 $14) 29. Kh2 $18 {[%csl Gg2][%cal Rg8g7]} Qf4+ 30. Kg1 $1 {[%csl Gg2][%cal Rg8g7]} Qc1+ 31. Kf2 $1 {[%csl Gg2][%cal Rg8g7]} Qd2+ {[#]} 32. Kf1 $1 {[%csl Gg2][%cal Rg8g7]} Qf4+ 33. Ke2 {[%csl Gg2][%cal Rg8g7]} Qe4+ (33... Ke7 $142 34. Rg7+ Kd6) 34. Kd1 {[%csl Gg2][%cal Rg8g7]} Qf3+ 35. Kc1 {[%csl Gg2][%cal Rg8g7]} Qe3+ 36. Rd2 Qh6 {[#]} 37. Bxe6 $1 {[%mdl 512]} Bxe6 38. Qxa8 Qxh5 {[%mdl 4096] Endgame KQR-KQB} 39. b3 Qf3 40. Kb2 f4 41. Qh8+ Kg6 42. Qe5 Bf5 43. Rd8 (43. Qe1 $18 {is more deadly.}) 43... Qe4 $16 44. Qc5 Kh6 (44... Kh5 $16 {was worth a try.} 45. Rd7 Qb1+ 46. Ka3 Qc1+ 47. Kb4 Kg4 48. Rxb7 f3) 45. Rd6+ (45. Rd4 $18 {and White stays clearly on top.} Qe2+ 46. Ka3) 45... Kh5 (45... Kg5 $142) 46. Rd5 (46. Ka3 $16) 46... Qb1+ $1 $11 47. Ka3 Kg4 48. Qd4 ({Better is} 48. Qc7 $16) 48... Qc1+ 49. Kb4 {Qf2 is the strong threat.} Qe3 $1 {[%cal Re3d4]} 50. Qg7+ Kh3 (50... Bg6 $11 {keeps the balance.}) 51. Qxb7 (51. Ka3 $16 Qc1+ 52. Ka4 b5+ 53. Kb4) 51... Qe4+ 52. c4 f3 53. Qf7 Bg4 54. Rd2 $1 {Threatens to win with Qa7.} h5 55. Qa7 Qe1 56. Qd4 {Hoping for c5.} a5+ {[#]} (56... Qxd2+ $11 57. Qxd2 Kg3) 57. Kxa5 (57. Kc5 $1 $16) 57... Qxd2+ $1 {The position is equal.} 58. Qxd2 Kg3 $1 59. Qe3 {And now Qg1+ would win.} Kg2 $1 60. Qe4 {aiming for b4.} Kg1 {Precision: White = 48%, Black = 69%.} 1/2-1/2